5HLuxD.jpg

KING HENRY VIII SENIOR AND PRIMARY SCHOOL LIBRARY OPAC

The Original Area Mazes: (Record no. 591)

000 -LEADER
fixed length control field 00857nam a22002297a 4500
005 - DATE AND TIME OF LATEST TRANSACTION
control field 20190830123205.0
008 - FIXED-LENGTH DATA ELEMENTS--GENERAL INFORMATION
fixed length control field 190830b ||||| |||| 00| 0 eng d
020 ## - INTERNATIONAL STANDARD BOOK NUMBER
International Standard Book Number 9781472141811
040 ## - CATALOGING SOURCE
Transcribing agency KH8
082 ## - DEWEY DECIMAL CLASSIFICATION NUMBER
Classification number 793.74 INA
100 ## - MAIN ENTRY--PERSONAL NAME
Personal name Inaba, Naoki
245 ## - TITLE STATEMENT
Title The Original Area Mazes:
Remainder of title 100 Addictive Puzzles to Solve with Simple Math—and Clever Logic! /
Statement of responsibility, etc. Naoki Inaba
260 ## - PUBLICATION, DISTRIBUTION, ETC.
Place of publication, distribution, etc. [S.l.] :
Name of publisher, distributor, etc. ROBINSON,
Date of publication, distribution, etc. 2017.
300 ## - PHYSICAL DESCRIPTION
Extent 1 volume :
Other physical details illustrations (black and white) ;
Dimensions 20 cm.
500 ## - GENERAL NOTE
General note The rules are simple . . . The maths is easy . . . The puzzles get harder and harder!
650 ## - SUBJECT ADDED ENTRY--TOPICAL TERM
Topical term or geographic name entry element Games & Activities
Form subdivision Logic & Brain Teasers
650 ## - SUBJECT ADDED ENTRY--TOPICAL TERM
Topical term or geographic name entry element Games & Activities
Form subdivision Puzzles
650 ## - SUBJECT ADDED ENTRY--TOPICAL TERM
Topical term or geographic name entry element Mathematics
Form subdivision Geometry
General subdivision General
700 ## - ADDED ENTRY--PERSONAL NAME
Personal name Murakami, Ryoichi
Relator term Author
700 ## - ADDED ENTRY--PERSONAL NAME
Personal name Bellos, Alex
Relator term Writer of introduction
942 ## - ADDED ENTRY ELEMENTS (KOHA)
Source of classification or shelving scheme
Koha item type Books - Non Ficton
Holdings
Withdrawn status Lost status Source of classification or shelving scheme Damaged status Not for loan Collection code Permanent Location Current Location Shelving location Date acquired Full call number Barcode Date last seen Price effective from Koha item type
          Non-Fiction KH8 Senior School Library KH8 Senior School Library Non Fiction 2019-08-30 793.74 INA 3KHSL000100228 2019-08-30 2019-08-30 Books - Non Ficton
          Teaching Resources KH8 Senior School Library KH8 Senior School Library Staff Office 2023-10-02 793.74 INA TRKHSL003935 2023-10-02 2023-10-02 Teaching Resources

Powered By KH8 IT Dept